Statistics for Manchester City Current Squad

Click here to take the quiz!

General Stats

  • This quiz has been taken 4,771 times
    (1,247 since last reset)
  • The average score is 20 of 30

Answer Stats

#Player% Correct
9Erling Haaland
98%
17Kevin De Bruyne
95%
31Ederson Moraes
94%
47Phil Foden
94%
7João Cancelo
93%
2Kyle Walker
93%
3Rúben Dias
92%
5John Stones
89%
26Riyad Mahrez
88%
20Bernardo Silva
87%
ManagerPep Guardiola
87%
10Jack Grealish
86%
8İlkay Gündoğan
85%
16Rodri
83%
6Nathan Aké
82%
14Aymeric Laporte
77%
19Julián Álvarez
73%
80Cole Palmer
66%
25Manuel Akanji
63%
4Kalvin Phillips
61%
21Sergio Gómez
52%
18Stefan Ortega
50%
33Scott Carson
49%
13Zack Steffen
36%
82Rico Lewis
30%
48Liam Delap
22%
87James McAtee
14%
37Kayky
12%
12Taylor Harwood-Bellis
9%
69Tommy Doyle
9%

Score Distribution

Percentile by Number Answered

Percent of People with Each Score

Your Score History

You have not taken this quiz since the last reset